| 000 -LEADER |
| fixed length control field |
00475cam a22001694a 4500 |
| 020 ## - INTERNATIONAL STANDARD BOOK NUMBER |
| ISBN |
0894108948 (hardcover : alk. paper) |
| 020 ## - INTERNATIONAL STANDARD BOOK NUMBER |
| ISBN |
0894108700 (pbk. : alk. paper) |
| 040 ## - CATALOGING SOURCE |
| Transcribing agency |
DLC |
| 041 1# - LANGUAGE CODE |
| Language code of original and/or intermediate translations of text |
fre |
| 082 00 - DEWEY DECIMAL CLASSIFICATION NUMBER |
| Classification number |
842 LYN 2005 A093 Or. |
| 100 1# - MAIN ENTRY--AUTHOR NAME |
| Personal name |
Glissant, Édouard, |
| 245 10 - TITLE STATEMENT |
| Title |
Monsieur Toussaint : |
| Remainder of title |
a play / |
| 260 ## - PUBLICATION, DISTRIBUTION, ETC. (IMPRINT) |
| Place of publication |
Boulder, Colo. : |
| Name of publisher |
Lynne Rienner Publishers, |
| Year of publication |
2005. |
| 300 ## - PHYSICAL DESCRIPTION |
| Number of Pages |
125 p. : |
| Other physical details |
map ; |
| Dimensions |
24 cm. |
| 700 1# - ADDED ENTRY--PERSONAL NAME |
| Personal name |
Dash, J. Michael. |
| 942 ## - ADDED ENTRY ELEMENTS (KOHA) |
| Koha item type |
សៀវភៅភាសាអង់គ្លេស |
| 952 ## - LOCATION AND ITEM INFORMATION (KOHA) |
| Withdrawn status [LOCAL, KOHA] |
0 |